000
00223 a2200097 4500
001
46829
100
_a
Halperin M
245
_a
Contemporary military strategy
260
_a
London
_b
Faber & Faber
_c
090
_c
29919
_d
29919
942
_a
NUST-CAE
_c
M
_c
22134
999
_c
281902
_d
281902